000 00387cam a22001217a 4500
008 180718b1989 xxu||||| |||| 00| 0 eng d
082 _aA99 G65 So57
100 _aSondhi, M.L.
245 _aBeyond perestroika: choices and challenges facing Gorbachev
_cby M.L. Sondhi
260 _aDelhi
_bAbhinav
_c1989
300 _a156p.
650 _aGorbachev, Mikhail S. - Criticism and interpretation
999 _c354783
_d354783